000 00356 a2200169 4500
001 23981
020 _a9788576765325
040 _cAnchieta - São Paulo/Itaigara
100 _aLarry, H.I.
240 1 0 _aZac Power
_lpor
245 1 0 _aZac Power
300 _a68
362 0 _a2009
440 1 _aFundamento
650 4 _aLiteratura juvenil
942 _cBK
999 _c23981
_d23981